A valuer's guide to the RICS Red Book (Record no. 107781)

MARC details
000 -LEADER
fixed length control field 01484cam a2200301 4500
001 - CONTROL NUMBER
control field E141865
008 - FIXED-LENGTH DATA ELEMENTS--GENERAL INFORMATION
fixed length control field 080213s2008 xxk 000 0 eng u
020 ## - INTERNATIONAL STANDARD BOOK NUMBER
International Standard Book Number 9781842193532
035 ## - SYSTEM CONTROL NUMBER
System control number (Sirsi) u141865
041 0# - LANGUAGE CODE
Language code of text/sound track or separate title eng
050 04 - LIBRARY OF CONGRESS CALL NUMBER
Classification number 333.332 $2 18
100 1# - MAIN ENTRY--PERSONAL NAME
Personal name Cherry, Andrew
245 02 - TITLE STATEMENT
Title A valuer's guide to the RICS Red Book
Remainder of title 6th edition
250 ## - EDITION STATEMENT
Edition statement 2nd ed.
260 ## - PUBLICATION, DISTRIBUTION, ETC.
Place of publication, distribution, etc. Coventry
Name of publisher, distributor, etc. RICS Books
Date of publication, distribution, etc. 2008
300 ## - PHYSICAL DESCRIPTION
Extent xxii, 140p.
Dimensions 22cm.
350 ## - PRICE (NR) (BK AM CF MU VM SE) [OBSOLETE]
Price 27.95
505 2# - FORMATTED CONTENTS NOTE
Formatted contents note Qualifications and conflicts of interest -- Agreement of terms of engagement with the client -- Valuation bases -- Inspections and material considerations -- Valuation reports -- Valuations for loan facilities -- Regulated purpose valuations -- The monitoring of valuations -- Specialist valuations
520 ## - SUMMARY, ETC.
Summary, etc. Guide to the "RICS Valuation Standards" or the Red Book. This second edition has been updated to reflect the changes in the new Red Book, 6th edition. Discusses the principal aims and standards, qualifications and conflicts of interest and terms of engagement with the client. Also provides commentary on rules for specific practice areas and an index of frequently asked valuation questions.
520 ## - SUMMARY, ETC.
Summary, etc. Supersedes 1st edtion (ISBN 1842193023).
520 ## - SUMMARY, ETC.
Summary, etc. Superseded by 3rd edition (ISBN 9781842194560).
521 ## - TARGET AUDIENCE NOTE
Target audience note Advanced
590 ## - LOCAL NOTE (RLIN)
Local note KA NTK
651 #4 - SUBJECT ADDED ENTRY--GEOGRAPHIC NAME
Geographic name United Kingdom
Chronological subdivision
690 ## - LOCAL SUBJECT ADDED ENTRY--TOPICAL TERM (OCLC, RLIN)
Topical term or geographic name as entry element PROPERTY-PROPERTY APPRAISAL AND VALUATION
942 ## - ADDED ENTRY ELEMENTS (KOHA)
Suppress in OPAC 0
Holdings
Withdrawn status Lost status Source of classification or shelving scheme Damaged status Not for loan Home library Current library Shelving location Date acquired Total Checkouts Full call number Barcode Date last seen Copy number Price effective from Koha item type Date last checked out
    Dewey Decimal Classification     London London RICS Boxes 15/02/2008   RICS 2008/2 30078312 06/08/2019 2 06/08/2019 Book  
    Dewey Decimal Classification     London London Books 15/02/2008 15 RICS 2008/2 30072643 06/08/2019 4 06/08/2019 Book 09/02/2010
    Dewey Decimal Classification     London London RICS Boxes 17/06/2009   RICS 2008/2 30072649 06/08/2019 1 06/08/2019 Archive